MARC

LEADER 00000nam0a2200000 4500
001 365606
005 20260424165426.0
035 |a (RuTPU)RU\TPU\retro\22969 
090 |a 365606 
100 |a 20220114d1981 km y0rusy50 ca 
101 0 |a rus 
102 |a RU 
105 |a a z 000zb 
200 1 |a И дух наш молод  |f В. Е. Васильев 
210 |a Москва  |c Воениздат  |d 1981 
215 |a 368 с.  |c ил. 
225 1 |a Военные мемуары 
600 1 |a Ленин  |b В. И.  |c настоящая фамилия Ульянов  |c российский политический деятель  |f 1870-1924  |g Владимир Ильич  |2 stltpush  |3 (RuTPU)RU\TPU\pers\1074  |9 486 
606 |a Россия  |x История  |z октябрь 1917-1939  |7 ca  |8 rus  |2 stltpush  |3 (RuTPU)RU\TPU\subj\66093  |9 82322 
610 1 |a политическая история 
610 1 |a политические деятели 
610 1 |a военные деятели 
610 1 |a 20 в. 
610 1 |a воспоминания 
610 1 |a мемуары 
610 1 |a встречи 
610 1 |a Октябрьская революция 1917 
686 |a Т3(2)61  |v LBC/SL-A  |2 rubbk 
700 1 |a Васильев  |b В. Е.  |g Василий Ефимович 
801 1 |a RU  |b 63413507  |c 20220114 
942 |c BK